[Event "Challenge"]
[Site "http://www.queenalice.com/game.php?id=339117"]
[Date "2008.1.19"]
[Round "-"]
[White "solo"]
[Black "MAIQUE"]
[Result "0-1"]
[WhiteElo "1405"]
[BlackElo "1622"]

1. d4 d5 2. Nc3 c6 3. h3 e6 4. e4 Nf6 5. f3 c5 6. Nge2 b6 7. b3 cxd4 8. Nxd4 Bb4
9. Bd2 dxe4 10. Nde2 exf3 11. gxf3 Bb7 12. Bg2 O-O 13. a3 Bd6 14. Bf4 e5 15. Bg5
h6 16. Bxf6 Qxf6 17. O-O Rd8 18. Ne4 Qe7 19. Nxd6 Rxd6 20. Qc1 f5 21. Rd1 e4 22.
Rxd6 Qxd6 23. Qd1 Qxd1+ 24. Rxd1 exf3 25. Nd4 fxg2 26. Nxf5 Na6 27. Ne3 Bf3 28.
Rd2 Be4 29. Nxg2 Bf5 30. Ne3 Bxh3 31. Kh2 Be6 32. Rd6 Kf7 33. Kg3 Rc8 34. c4 Nc5
35. b4 Ne4+ 36. Kf3 Nxd6 37. Kf4 Nxc4 38. Nxc4 Rxc4+ 39. Ke5 g5 40. Kd6 Bh3 41.
Kd5 Rc1 42. Kd6 g4 43. Ke5 Rf1 44. Kd6 Rc1 45. Ke5 g3 46. Kf4 g2 47. Kg3 g1=Q+
48. Kxh3 Rc2 49. Kh4 Rh2# 0-1

[Event "Challenge"]
[Site "http://www.queenalice.com/game.php?id=339685"]
[Date "2008.1.20"]
[Round "-"]
[White "YouLoseSorry"]
[Black "MAIQUE"]
[Result "0-1"]
[WhiteElo "1439"]
[BlackElo "1568"]

1. d4 d5 2. Nc3 Nf6 3. f3 Nc6 4. Be3 Bf5 5. g4 Bg6 6. g5 Ng8 7. Bh3 Nb4 8. Rc1
f6 9. gxf6 gxf6 10. a3 Nc6 11. Bg2 e6 12. Nh3 e5 13. dxe5 d4 14. Bxd4 Nxd4 15.
e3 Nf5 16. f4 Nxe3 17. Qe2 Qd4 18. Bxb7 Rb8 19. Rd1 Nxd1 20. Bc6+ Kf7 21. Qxd1
Qe3+ 22. Qe2 Qxh3 23. Qc4+ Kg7 24. Rf1 Qe3+ 25. Ne2 Rxb2 26. f5 Rb1# 0-1

[Event "Challenge"]
[Site "http://www.queenalice.com/game.php?id=340397"]
[Date "2008.1.22"]
[Round "-"]
[White "soccer6"]
[Black "MAIQUE"]
[Result "0-1"]
[WhiteElo "1482"]
[BlackElo "1665"]

1. e3 e5 2. Qf3 d5 3. c4 e4 4. Qh5 Nf6 5. Qe2 Bg4 6. f3 exf3 7. gxf3 Ne4 8. fxg4
Qh4+ 9. Kd1 Nf2+ 10. Ke1 Nxh1+ 11. Kd1 Nf2+ 12. Kc2 Nxg4 13. d4 Qxh2 14. Qg2
Qxg2+ 15. Bxg2 c6 16. Bh3 Nf2 17. Bf5 dxc4 18. e4 g6 19. Bg4 Nxg4 20. d5 cxd5
21. exd5 Bc5 22. Ne2 O-O 23. Na3 Ne3+ 24. Kb1 Nxd5 25. b3 Re8 26. Ng3 cxb3 27.
axb3 Bd6 28. Nf1 Nc6 29. Ra2 Nc3+ 30. Kb2 Nxa2 31. Kxa2 Nb4+ 32. Kb2 Re2+ 33.
Kb1 Rc8 34. Bd2 Rf2 35. Ne3 Rxd2 36. Nec4 Rh2 37. Nxd6 Rd8 38. Nxb7 Rd1# 0-1

[Event "Challenge"]
[Site "http://www.queenalice.com/game.php?id=342379"]
[Date "2008.1.25"]
[Round "-"]
[White "MAIQUE"]
[Black "GabrielGabera"]
[Result "0-1"]
[WhiteElo "1607"]
[BlackElo "2055"]

1. e4 c5 2. Qh5 Nf6 3. Qxc5 Nxe4 4. Qe3 d5 5. c4 e5 6. Qd3 Bc5 7. Nh3 Bxh3 8.
Qxd5 Qxd5 9. cxd5 Nxf2 10. Rg1 Bd7 11. Ke2 Nd3 12. Rh1 e4 13. Nc3 Bg4# 0-1

[Event "Challenge"]
[Site "http://www.queenalice.com/game.php?id=344003"]
[Date "2008.1.28"]
[Round "-"]
[White "Imbolt1"]
[Black "MAIQUE"]
[Result "0-1"]
[WhiteElo "1648"]
[BlackElo "1607"]

1. e4 e5 2. Nf3 Nc6 3. c3 Nf6 4. Bb5 Nxe4 5. Qe2 d5 6. Bxc6+ bxc6 7. Nxe5 Be6 8.
Nxc6 Qd6 9. Qb5 Bd7 10. Qe2 Bxc6 11. d3 O-O-O 12. dxe4 Re8 13. O-O Rxe4 14. Qa6+
Kb8 15. Be3 Bb7 16. Bxa7+ Kc8 17. Qa5 Qa6 18. Qxa6 Bxa6 19. Nd2 Re2 20. Be3 Bd6
21. Rfc1 Re8 22. a3 Re6 23. a4 Rh6 24. b4 Bxh2+ 25. Kf1 Rf6 26. b5 Bxb5 27. axb5
Rxe3 28. c4 Rd3 29. Nf3 Bd6 30. c5 Bf4 31. Rc2 Rb3 32. b6 Rh6 33. Ra7 Rb1+ 34.
Ne1 cxb6 35. cxb6+ Kb8 36. Rxf7 Be5 37. Re2 Rh1# 0-1

[Event "Challenge"]
[Site "http://www.queenalice.com/game.php?id=345197"]
[Date "2008.1.29"]
[Round "-"]
[White "MAIQUE"]
[Black "NhobaDolage"]
[Result "1-0"]
[WhiteElo "1607"]
[BlackElo "1088"]

1. e4 Nf6 2. d3 g6 3. Nc3 Bg7 4. Bf4 Nc6 5. Nb5 a6 6. Nxc7+ Qxc7 7. Bxc7 O-O 8.
Nf3 b6 9. Bxb6 Rb8 10. Bc5 Bb7 11. Bd4 Nxd4 12. Nxd4 Nxe4 13. dxe4 Bxd4 14. Qxd4
Rbc8 15. c3 Rc6 16. Qxd7 e5 17. Qxb7 Rf6 18. Bc4 Rf4 19. O-O-O Rxf2 20. g3 a5
21. Qc7 a4 22. Rd8 a3 23. bxa3 Rxa2 24. Bxa2 Kg7 25. Qxe5+ Kg8 26. Qe7 Kg7 27.
Qxf8+ Kf6 28. Qxf7+ Kg5 29. Rd5+ Kh6 30. Rf1 g5 31. Qxh7+ Kxh7 32. Rf6 Kg7 33.
Kd2 Kxf6 34. Rxg5 Kxg5 35. c4 Kf6 36. Kd3 Ke6 37. c5+ Kd7 38. Kd4 Kc6 39. e5 Kb5
40. e6 Ka4 41. e7 Kxa3 42. e8=R Kxa2 43. Rb8 Ka3 44. Kc4 Ka4 45. Ra8# 1-0

[Event "Challenge"]
[Site "http://www.queenalice.com/game.php?id=345236"]
[Date "2008.1.30"]
[Round "-"]
[White "GabrielGabera"]
[Black "MAIQUE"]
[Result "0-1"]
[WhiteElo "2099"]
[BlackElo "1714"]

1. e4 e5 2. Nf3 Nc6 3. Bc4 Nf6 4. d4 exd4 5. O-O Nxe4 6. Ng5 Nxg5 7. f4 Ne6 8.
f5 Nc5 9. Re1+ Be7 10. f6 gxf6 11. Bxf7+ Kxf7 12. Qh5+ Kg8 13. Bh6 Ne5 14. b4
Ne6 15. a3 Nf4 16. Bxf4 Ng6 17. Bxc7 Qxc7 18. Rxe7 Nxe7 19. Qe8+ Kg7 20. Qxe7+
Kg6 21. Qe4+ Kg7 22. Qg4+ Kf7 23. Qxd4 Qe5 24. Qxe5 fxe5 25. Nc3 d6 26. Rf1+ Kg7
27. Nb5 Rd8 28. Rd1 Bf5 29. c4 Be6 30. Nxd6 Rac8 31. c5 b6 32. Re1 Rc6 33. Rxe5
Kf6 34. Rh5 Rd7 35. Ne4+ Kg6 36. Rg5+ Kh6 37. b5 Rxc5 38. Nxc5 Rd1+ 39. Kf2 Kxg5
40. Nxe6+ Kh6 41. g4 Ra1 42. h4 Rxa3 43. g5+ Kh5 44. Nf8 Kxh4 45. Nxh7 Kh5 46.
Ke2 Kg6 47. Nf8+ Kxg5 48. Nd7 Rb3 0-1

[Event "Challenge"]
[Site "http://www.queenalice.com/game.php?id=346910"]
[Date "2008.2.1"]
[Round "-"]
[White "MAIQUE"]
[Black "moreira75"]
[Result "1-0"]
[WhiteElo "1607"]
[BlackElo "1050"]

1. e4 g6 2. Nf3 Bh6 3. Bc4 Nf6 4. d3 Bg7 5. Ne5 d6 6. Nxf7 Qd7 7. Nxh8 Bxh8 8.
Nc3 a5 9. Bb5 c6 10. Bc4 Nh5 11. Qf3 e6 12. Bh6 Ra6 13. Qf8# 1-0

[Event "AUTO-INT-776"]
[Site "http://www.queenalice.com/game.php?id=347206"]
[Date "2008.2.2"]
[Round "1"]
[White "lucasitajobi"]
[Black "MAIQUE"]
[Result "0-1"]
[WhiteElo "1470"]
[BlackElo "1636"]

1. e4 e5 2. Bc4 Qh4 3. Qf3 Nh6 4. d3 Nc6 5. Bxh6 f6 6. Be3 Nb4 7. Na3 f5 8. Qxf5
Qe7 9. Bb3 d5 10. Bg5 Bxf5 11. Bxe7 Bxe7 12. exf5 Rf8 13. c3 Nxd3+ 14. Kd2 Nxf2
15. Bxd5 Nxh1 16. Nh3 Rd8 17. c4 c6 18. Rxh1 cxd5 19. cxd5 Rxd5+ 20. Kc2 Rxf5
21. g4 Rc5+ 22. Kd3 Rf3+ 23. Ke2 Rxh3 24. b4 Rcc3 25. Nb5 Rc2+ 26. Kd1 Rxa2 27.
Re1 Ra1+ 28. Kd2 Ra2+ 29. Kd1 Rhxh2 30. Nc7+ Kd7 31. Rxe5 Ra1# 0-1

[Event "AUTO-INT-776"]
[Site "http://www.queenalice.com/game.php?id=347207"]
[Date "2008.2.2"]
[Round "1"]
[White "MAIQUE"]
[Black "lucasitajobi"]
[Result "1/2-1/2"]
[WhiteElo "1675"]
[BlackElo "1492"]

1. e4 e5 2. Nf3 Nc6 3. d3 d6 4. Be2 Bg4 5. h3 Bxf3 6. Bxf3 Nd4 7. Bg4 Nf6 8. c3
Nxg4 9. hxg4 Ne6 10. d4 exd4 11. cxd4 Ng5 12. Nc3 Be7 13. f4 Ne6 14. d5 Nc5 15.
Qd4 Bf6 16. e5 Na6 17. exf6 gxf6 18. Ne4 c5 19. Nxf6+ Kf8 20. Qc3 Qe7+ 21. Be3
Nb4 22. Nxh7+ Ke8 23. Qxh8+ Kd7 24. Qxa8 Qxe3+ 25. Kf1 Qd3+ 26. Kg1 Qe3+ 27. Kh2
Qxf4+ 28. Kh3 Qe3+ 29. g3 Qh6+ 30. Kg2 Qd2+ 31. Kh3 Qh6+ 32. Kg2 Qd2+ 33. Kh3
Qh6+ 34. Kg2 1/2-1/2

[Event "AUTO-INT-776"]
[Site "http://www.queenalice.com/game.php?id=347220"]
[Date "2008.2.2"]
[Round "1"]
[White "MAIQUE"]
[Black "Zerlene"]
[Result "1-0"]
[WhiteElo "1664"]
[BlackElo "1452"]

1. e4 e5 2. Qh5 d6 3. Bc4 Qf6 4. Nc3 c6 5. Nh3 h6 6. O-O Bxh3 7. Qxh3 Nd7 8. f4
exf4 9. Ne2 g5 10. d4 Bg7 11. d5 Qe7 12. c3 1-0

[Event "AUTO-INT-776"]
[Site "http://www.queenalice.com/game.php?id=347221"]
[Date "2008.2.2"]
[Round "1"]
[White "Zerlene"]
[Black "MAIQUE"]
[Result "0-1"]
[WhiteElo "1452"]
[BlackElo "1651"]

1. e4 e5 2. Nf3 Nc6 3. d4 exd4 4. Bc4 Nf6 5. O-O Nxe4 6. Re1 d5 7. Ng5 Be7 8.
Nxe4 dxc4 9. Nbd2 b5 10. Qf3 O-O 11. b3 Nb4 0-1

[Event "AUTO-INT-776"]
[Site "http://www.queenalice.com/game.php?id=347222"]
[Date "2008.2.2"]
[Round "1"]
[White "MAIQUE"]
[Black "DGFerguson"]
[Result "1-0"]
[WhiteElo "1676"]
[BlackElo "1460"]

1. e4 c5 2. Nc3 e6 3. d3 Nc6 4. Bf4 Nf6 5. Nb5 Qa5+ 6. Nc3 e5 7. Bd2 Qb4 8. b3
Nd4 9. Na4 Qb5 10. c4 Qc6 11. Nf3 b6 12. Nxd4 cxd4 13. Be2 a6 14. O-O b5 15. Nb2
bxc4 16. Nxc4 d5 17. Nxe5 Qc7 18. Bf4 Bd6 19. Rc1 1-0

[Event "AUTO-INT-776"]
[Site "http://www.queenalice.com/game.php?id=347223"]
[Date "2008.2.2"]
[Round "1"]
[White "DGFerguson"]
[Black "MAIQUE"]
[Result "0-1"]
[WhiteElo "1460"]
[BlackElo "1685"]

1. c4 e5 2. e3 c5 3. Nc3 d6 4. Nf3 Nf6 5. Nb5 Bd7 6. Qb3 a6 7. Nc3 e4 8. Ng5 b6
9. Ngxe4 Nxe4 10. Nxe4 Be7 11. Bd3 O-O 12. Qc3 Bc6 13. b3 d5 14. cxd5 Qxd5 15.
Bb2 f6 16. Bc4 Qxc4 17. bxc4 Bxe4 0-1

[Event "Challenge"]
[Site "http://www.queenalice.com/game.php?id=351238"]
[Date "2008.2.9"]
[Round "-"]
[White "MAIQUE"]
[Black "NhobaDolage"]
[Result "1-0"]
[WhiteElo "1607"]
[BlackElo "1088"]

1. e4 e5 2. Qh5 g6 3. Qxe5+ Qe7 4. Qxh8 Qxe4+ 5. Ne2 Nh6 6. Nc3 Qxc2 7. Nd5 Ng4
8. h3 Qc5 9. Nec3 c6 10. Nc7+ Kd8 11. Nxa8 Qxf2+ 12. Kd1 b6 13. Qxf8# 1-0

[Event "Nhomifo!! hahahaha"]
[Site "http://www.queenalice.com/game.php?id=365200"]
[Date "2008.3.4"]
[Round "-"]
[White "NhobaDolage"]
[Black "MAIQUE"]
[Result "1-0"]
[WhiteElo "1166"]
[BlackElo "1676"]

1. e4 e5 2. Nc3 d6 3. Be2 Nf6 4. d3 d5 5. Nf3 dxe4 6. dxe4 Nxe4 7. Nxe4 Bg4 8.
Bg5 h6 9. Bh4 Bb4+ 10. c3 g5 11. Nfxg5 hxg5 12. Bxg5 Bxe2 13. Kxe2 Rg8 14. Bxd8
Rxg2 15. Nf6+ Kf8 16. Qd5 Be7 17. Qxg2 Bxd8 18. Qg8+ Ke7 19. Nd5+ Ke6 20. Qxd8
Kf5 21. Rhg1 Nc6 22. Qh4 Nd4+ 23. cxd4 exd4 24. Rg5+ Ke6 25. Rd1 Re8 26. Rxd4
Kd6+ 27. Ne3+ Ke6 28. Qh6+ Ke7 29. Re5# 1-0